Country Collectors Trivia - Statistics

General Stats
  • This quiz has been taken 49 times
  • The average score is 8 of 30
Answer Stats
Hint Answer % Correct
Creater of the game Nuaci
70%
Group of the game/Special pin that owner gives out on some occasions Nua Games
65%
Name of award for completing the Halloween 2022 event (come on you got this)! Halloween 22
57%
The best way to obtain coins Chests
51%
Pin that can only be obtained through someone else gifting it to you Pavanadia
49%
Rarest {EX} pin as of now Reunion EX
46%
This pin used to be called Serbiantaipei Rice Scene
46%
Most hardest common to obtain India
38%
If you say his name you will get kicked from the server Randomy
35%
Richest player as of now, but he is unfortunatley caught for scamming Gamingrainyo
30%
This pin was the last Russian subdivision to go on shop Magadan
27%
Before the pin was nerfed, it used to get over 7 impossibles as an offer North Korea
24%
For a while this pin was the rarest legendary Cameroon
22%
Highly considered the worst impossible in the game Benin/Caribbean Netherlands/Gambia
19%
Probably one of the most bullied players in the game Italy
19%
Infamous Scammer LongNBK2014
19%
An event that players like to make when bored Quizzes/Giveaways
19%
He likes to wear a purple traffic cone on his head Jordan
16%
This grinding technique[s] was broken because of coin glitching Map Quiz/Anthem Game
16%
Highly considered to be the most beautiful pin Saga
16%
They are the president of Theria Kibica
14%
He was one of the richest players of all time until he quit Yumyum
14%
Girl who kept Suriname {EX} to herself Cirno/Filia
11%
She was #1 on the leaderboard but shortly after got her data wiped DulceZ
11%
He was unfairly banned Gatyandsaw/Gary
11%
This used to happen every 10 seconds the game ran Lag spike
11%
She lives in lapland Lyudmira
11%
First Japanese prefecture to go on shop Tokushima
11%
He likes to afk a lot... Orleans
8%
He lives in Martinique Tret_es7
8%
No matching quizzes found
Score Distribution
Percent of People with Each Score
Percentile by Number Answered
Your Score History
You have not taken this quiz